| 000 | 01505nam a2200361 i 4500 | ||
|---|---|---|---|
| 001 | 768714001 | ||
| 003 | CO-MdFUSB | ||
| 005 | 20250819170349.0 | ||
| 007 | ta | ||
| 008 | 240702t1987 -us |||| |||| 00| 0 eng d | ||
| 020 | _a0671479903 | ||
| 040 |
_aCO-MdFUSB _bspa _cCO-MdFUSB _dCO-MdFUSBC _erda |
||
| 041 | _aeng | ||
| 082 |
_223 _a370.973 _bB655 |
||
| 100 |
_aBloom, Allan, _eautor |
||
| 245 | 4 |
_aThe closing of the American mind _c/ Allan Bloom |
|
| 264 | 1 |
_bSimon and Schuster, _aNew York, Estados Unidos : _c[1987] |
|
| 264 | 4 | _c©1987 | |
| 300 |
_a392 páginas _c; 21 cm |
||
| 336 |
_2rdacontent _atexto _btxt |
||
| 337 |
_2rdamedia _asin mediación _bn |
||
| 338 |
_2rdacarrier _avolumen _bnc |
||
| 505 |
_tParte I: _aEstudiantes. -- Borrón y cuenta nueva. -- Libros. -- Música. -- Relaciones. _tParte II: _aEl nihilismo al estilo americano. -- La conexión alemana. -- El yo. -- Creatividad. -- Cultura. -- Valores. -- La nietzscheanización de la izquierda o viceversa. -- Nuestra ignorancia _tParte III: _aLa universidad. De la Apología de Sócrates a la Rektoratsrede de Heideggar. -- Los años sesenta. --El estudiante y la universidad. |
||
| 563 | _aRústico | ||
| 650 | 0 |
_aEducación _9984 |
|
| 653 | _aEducación superior — Estados Unidos | ||
| 653 | _aAspectos filosóficos | ||
| 653 | _aCultura intelectual — Estados Unidos —Siglo XX | ||
| 653 | _aFilosofía de la educación — Estados Unidos | ||
| 942 | _cBK | ||
| 945 | _aJTF-925 | ||
| 999 |
_c70424 _d70424 |
||